000
00284nam a22001337a 4500
008
171020b xxu||||| |||| 00| 0 eng d
020
_a
0256023921
041
_a
eng
080
_a
338
100
_a
54
101
_a
MEN
245
_a
MANAGAMENT SCIENCE
_c
LOOMBA.T
942
_2
udc
_c
BK
999
_c
35242
_d
35242